00653nam a22001937a 450000500170000001000150001702000260003203500140005803700090007208200220008110000220010324501540012525000170027926000460029627000650034230000190040770000150042670000180044120250214153126.0 aENG-143812 c985.00a9788179309209 aEN-127344 bDBAD a000215 (Revised) aRajaram, Kalpana  aSpectrums Handbook For Gs 2 General Studies Paper 2 For Upsc Civil Services Preliminary Examination/cBy Kalpana Rajaram; C Rashmi [and] Usha Govind  a15 (Revised) aNew DelhibSpectrum Books Pvt. Ltd.c2025 bNew DelhiaA1 291, First Floor, Janakpuri, New Delhie110058 avpp.c28cm(pb) aRashmi, C  aGovind, Usha